ბათუმის შოთა რუსთაველის სახელმწიფო უნივერსიტეტის ბიბლიოთეკა

საინვესტიციო მენეჯმენტი და პოლიტიკა (ბიბ.ჩანაწერი № 43761)

000 -LEADER
fixed length control field 00910nam a2200253Ia 4500
001 - CONTROL NUMBER
control field 10506
003 - CONTROL NUMBER IDENTIFIER
control field GE_BSU
008 - FIXED-LENGTH DATA ELEMENTS--GENERAL INFORMATION
fixed length control field 181216s||||||||xx |||||||||||||| ||und||
020 ## - INTERNATIONAL STANDARD BOOK NUMBER
International Standard Book Number 9789941042867
040 ## - CATALOGING SOURCE
Transcribing agency GE_BSU
080 ## - UNIVERSAL DECIMAL CLASSIFICATION NUMBER
Universal Decimal Classification number 330.222.013+005.915+339.727.22(075.8)
100 ## - MAIN ENTRY--PERSONAL NAME
Personal name ქოქიქური,ლამარა
245 ## - TITLE STATEMENT
Title საინვესტიციო მენეჯმენტი და პოლიტიკა
245 ## - TITLE STATEMENT
Remainder of title სახელმძღვ.
245 ## - TITLE STATEMENT
Statement of responsibility, etc. მეცნ.რედ.გივი გამსახურდია
260 ## - PUBLICATION, DISTRIBUTION, ETC.
Place of publication, distribution, etc. თბილისი
260 ## - PUBLICATION, DISTRIBUTION, ETC.
Name of publisher, distributor, etc. თსუ
260 ## - PUBLICATION, DISTRIBUTION, ETC.
Date of publication, distribution, etc. 2012
300 ## - PHYSICAL DESCRIPTION
Extent 926გვ.ილ.დანართი
300 ## - PHYSICAL DESCRIPTION
Dimensions დანართი გვ.889-925
653 ## - INDEX TERM--UNCONTROLLED
Uncontrolled term საინვესტიციო მენეჯმენტი და პოლიტიკა
942 ## - ADDED ENTRY ELEMENTS (KOHA)
Koha item type წიგნი
ეგზემპლარები
Withdrawn status Lost status Damaged status Not for loan Date acquired Barcode Date last seen Price effective from Koha item type
        2018-12-17 34393 2018-12-17 2018-12-17 წიგნი
        2018-12-17 34394 2018-12-17 2018-12-17 წიგნი
        2018-12-17 35091 2018-12-17 2018-12-17 წიგნი